Antarjala balake: hani haniyallu kattabekide rythana baduku (Record no. 120822)
[ view plain ]
| 000 -LEADER | |
|---|---|
| fixed length control field | 00951nam a2200289Ia 4500 |
| 003 - CONTROL NUMBER IDENTIFIER | |
| control field | OSt |
| 005 - DATE AND TIME OF LATEST TRANSACTION | |
| control field | 20240518120120.0 |
| 008 - FIXED-LENGTH DATA ELEMENTS--GENERAL INFORMATION | |
| fixed length control field | 210210b2016 xxu||||| |||| 00| 0 eng d |
| 020 ## - INTERNATIONAL STANDARD BOOK NUMBER | |
| International Standard Book Number | 9789381876985 |
| 040 ## - CATALOGING SOURCE | |
| Transcribing agency | AL |
| 041 ## - LANGUAGE CODE | |
| Language code of text/sound track or separate title | Kannada |
| 082 ## - DEWEY DECIMAL CLASSIFICATION NUMBER | |
| Classification number | 631.7K KUMA |
| 100 ## - MAIN ENTRY--PERSONAL NAME | |
| Personal name | KUMARASWAMY (E S) |
| Dates associated with a name | ಕುಮಾರಸ್ವಾಮಿ (ಇ ಎಸ್) |
| 9 (RLIN) | 166095 |
| 245 ## - TITLE STATEMENT | |
| Title | Antarjala balake: hani haniyallu kattabekide rythana baduku |
| Remainder of title | ಅಂತರ್ಜಾಲ ಬಳಕೆ: ಹನಿ ಹನಿಯಲ್ಲೂ ಕಟ್ಟಬೇಕಿದೆ ರೈತನ ಬದುಕು |
| 260 ## - PUBLICATION, DISTRIBUTION, ETC. | |
| Place of publication, distribution, etc. | Shivamogga |
| Name of publisher, distributor, etc. | Gitanjali Prakashana |
| Date of publication, distribution, etc. | 2016 |
| 300 ## - PHYSICAL DESCRIPTION | |
| Extent | xi,344+2 |
| 650 ## - SUBJECT ADDED ENTRY--TOPICAL TERM | |
| Topical term or geographic name entry element | rythana |
| 9 (RLIN) | 166096 |
| 650 ## - SUBJECT ADDED ENTRY--TOPICAL TERM | |
| Topical term or geographic name entry element | kattabekide |
| 9 (RLIN) | 166097 |
| 650 ## - SUBJECT ADDED ENTRY--TOPICAL TERM | |
| Topical term or geographic name entry element | haniyallu |
| 9 (RLIN) | 166098 |
| 650 ## - SUBJECT ADDED ENTRY--TOPICAL TERM | |
| Topical term or geographic name entry element | hani |
| 9 (RLIN) | 166099 |
| 650 ## - SUBJECT ADDED ENTRY--TOPICAL TERM | |
| Topical term or geographic name entry element | balake: |
| 9 (RLIN) | 166100 |
| 650 ## - SUBJECT ADDED ENTRY--TOPICAL TERM | |
| Topical term or geographic name entry element | baduku |
| 9 (RLIN) | 166101 |
| 650 ## - SUBJECT ADDED ENTRY--TOPICAL TERM | |
| Topical term or geographic name entry element | Antarjala |
| 9 (RLIN) | 166102 |
| 690 ## - LOCAL SUBJECT ADDED ENTRY--TOPICAL TERM (OCLC, RLIN) | |
| Topical term or geographic name as entry element | Agriculture |
| 9 (RLIN) | 166103 |
| 906 ## - LOCAL DATA ELEMENT F, LDF (RLIN) | |
| a | 071429 |
| 942 ## - ADDED ENTRY ELEMENTS (KOHA) | |
| Source of classification or shelving scheme | Dewey Decimal Classification |
| Koha item type | Book |
| Withdrawn status | Lost status | Damaged status | Not for loan | Collection code | Home library | Current library | Shelving location | Date acquired | Source of acquisition | Cost, normal purchase price | Total Checkouts | Full call number | Barcode | Date last seen | Price effective from | Koha item type |
|---|---|---|---|---|---|---|---|---|---|---|---|---|---|---|---|---|
| St Aloysius Library | St Aloysius Library | 02/17/2021 | Navakarnataka Publication Pvt Ltd., Mangalore. | 350.00 | 631.7K KUMA | 071429 | 02/17/2021 | 02/17/2021 | Book |